| 000 | 00442nam a2200157 i 4500 | ||
|---|---|---|---|
| 001 | 100806 | ||
| 003 | ES-MaACL | ||
| 005 | 20230906182744.0 | ||
| 007 | t| | ||
| 008 | 051005s1968 sp ||||1| spa d | ||
| 100 | 1 |
_aMateo Velasco, Victoriano. _978969 |
|
| 245 | 1 | 0 |
_a¿Solo ante el éxito? / _cP. Victoriano Mateo, S. M. |
| 260 |
_aMadrid : _bS.M., _c1968. |
||
| 300 |
_a252 p., 4 lám. ; _c19 cm. |
||
| 852 |
_aES-MaACL _jC-50390 _bR.68544 |
||
| 999 |
_c100806 _d100806 |
||